000 00822nam a2200253Ia 4500
003 OSt
005 20220926021928.0
006 a|||||r|||| 00| 0
007 ta
008 220923b |||||||| |||| 00| 0 eng d
020 _a1020170X
037 _cGeneral Book
040 _aRTL
_cRTL
_beng
041 _2eng
_aeng
082 _aV1N45,3:3(Y).N85r, N6 /UN
110 _aUNITED NATIONS, GENERAL ASSEMBLY, OFFICIAL RECORDS, 51st SESSION
_9327254
245 0 _aReport of the committee against torture
260 _aNew York
_bUnited Nations
_c1996
300 _aiv, 90p
_ccm.
500 _aSupplement no. 44(A/54/44)
700 _aUNITED NATIONS, GENERAL ASSEMBLY, OFFICIAL RECORDS, 51st SESSION
_9327255
942 _hV1N45,3:3(Y).N85r, N6 /UN
_cGB
_2CC
999 _c638051
_d638051